Revista Precedentes

Detalles Bibliográficos
Formato: eBook
Lenguaje:español
Publicado: Mx̌ico D.F.: Editorial vLex, 2017 -
Materias:
Acceso en línea:Acceso restringido

MARC

LEADER 00000nam a22000007a 4500
005 2017051805555.0
007 cr|||| ||||
008 170518c20179999mx zx|| s|||| 0|||b1spa d
035 |a 14645 
040 |a vLex 
090 |c 6663  |d 6663 
245 0 0 |a Revista Precedentes  |h [Recurso electrn̤ico]  
256 |a Servicio en ln̕ea 
260 |a Mx̌ico D.F.:  |b Editorial vLex,   |c 2017 - 
300 |a 1 recurso electrn̤ico 
310 |a Irregular 
506 0 |a Contenido disponible en los productos indicados  |d vLex Global  |d vLex Global (Academic Edition, excluding Law Schools)  |d vLex Global (U.S. Academic Edition, Law Schools)  |d vLex Global (U.S. Academic Edition, excluding Law Schools)  |d vLex Global (Academic Edition, Law Schools) 
650 0 4 |a Derecho civil  |z Mx̌ico 
740 0 |a vLex Revistas (Servicio en ln̕ea) 
856 4 0 |u http://vlex.com/source/revista-precedentes-14645  |z Acceso restringido 
942 |c REV 
999 0 |a Civil Law